Unexpected ecotone dynamics of a sand dune vegetation complex following water table decline

Elmentve itt :
Bibliográfiai részletek
Szerzők: Tölgyesi Csaba
Zalatnai Márta
Erdős László
Bátori Zoltán
Hupp Nicole Rosemary
Körmöczi László
Dokumentumtípus: Cikk
Megjelent: 2016
Sorozat:JOURNAL OF PLANT ECOLOGY 9 No. 1
doi:10.1093/jpe/rtv032

mtmt:2864036
Online Access:http://publicatio.bibl.u-szeged.hu/14241
LEADER 00914nab a2200253 i 4500
001 publ14241
005 20190110094951.0
008 190110s2016 hu o 0|| angol d
022 |a 1752-9921 
024 7 |a 10.1093/jpe/rtv032  |2 doi 
024 7 |a 2864036  |2 mtmt 
040 |a SZTE Publicatio Repozitórium  |b hun 
041 |a angol 
100 1 |a Tölgyesi Csaba 
245 1 0 |a Unexpected ecotone dynamics of a sand dune vegetation complex following water table decline  |h [elektronikus dokumentum] /  |c  Tölgyesi Csaba 
260 |c 2016 
300 |a 40-50 
490 0 |a JOURNAL OF PLANT ECOLOGY  |v 9 No. 1 
700 0 1 |a Zalatnai Márta  |e aut 
700 0 1 |a Erdős László  |e aut 
700 0 1 |a Bátori Zoltán  |e aut 
700 0 1 |a Hupp Nicole Rosemary  |e aut 
700 0 1 |a Körmöczi László  |e aut 
856 4 0 |u http://publicatio.bibl.u-szeged.hu/14241/1/T%C3%B6lgyesi%202016%20Journal%20of%20Plant%20Ecology.pdf  |z Dokumentum-elérés